[Event "Niteroi op 2nd"]
[Site "Niteroi"]
[Date "2022.09.04"]
[Round "6"]
[White "Valente, Gabriel Luis Cavalc"]
[Black "Motta, Vinicius Araujo Dia"]
[Result "0-1"]
[WhiteElo "1800"]
[BlackElo "1643"]
[PlyCount "58"]
[EventDate "2022.09.01"]
[EventType "swiss"]
[EventRounds "9"]
[EventCountry "BRA"]
[SourceTitle "CBM 210 Extra"]
[Source "ChessBase"]
[SourceDate "2022.11.30"]
[SourceVersion "1"]
[SourceVersionDate "2022.11.30"]
[SourceQuality "1"]

1. c4 Nf6 2. g3 e6 3. Bg2 d5 4. b3 Be7 5. Nf3 0-0 6. 0-0 dxc4 7. bxc4 Nbd7 8. Nc3 Rb8 9. Bb2 b6 10. d3 Bb7 11. e4 Nc5 12. Ba3 Re8 13. e5 Nfd7 14. d4 Na6 15. Bxe7 Qxe7 16. Re1 c5 17. d5 exd5 18. cxd5 Qd8 19. a3 Nc7 20. d6 Ne6 21. Bh3 Bxf3 22. Qxf3 Nd4 23. Qd1 Nxe5 24. f4 Nef3+ 25. Kf2 Rxe1 26. Qa4 Rxa1 27. d7 a5 28. Nb5 Ra2+ 29. Ke3 Qe7+ 0-1

[Event "Niteroi op 2nd"]
[Site "Niteroi"]
[Date "2022.09.03"]
[Round "4"]
[White "Dos Santos, Gilvan Nobrega"]
[Black "Motta, Vinicius Araujo Dia"]
[Result "1-0"]
[WhiteElo "1914"]
[BlackElo "1643"]
[PlyCount "89"]
[EventDate "2022.09.01"]
[EventType "swiss"]
[EventRounds "9"]
[EventCountry "BRA"]
[SourceTitle "CBM 210 Extra"]
[Source "ChessBase"]
[SourceDate "2022.11.30"]
[SourceVersion "1"]
[SourceVersionDate "2022.11.30"]
[SourceQuality "1"]

1. e4 c5 2. Nf3 e6 3. c4 Qc7 4. Nc3 a6 5. d3 Nc6 6. g3 Nf6 7. Bg2 Be7 8. 0-0 d6 9. d4 cxd4 10. Nxd4 Ne5 11. b3 0-0 12. Bb2 Rb8 13. Qd2 b6 14. f4 Ned7 15. e5 dxe5 16. Nc6 Bc5+ 17. Kh1 exf4 18. Nxb8 Be3 19. Qe2 Qxb8 20. Nd1 Bc5 21. Rxf4 Bb7 22. Nc3 Bxg2+ 23. Qxg2 Rd8 24. Ne4 Nxe4 25. Qxe4 Qd6 26. Rff1 f5 27. Qg2 g6 28. Rad1 Qc7 29. Rd3 Nb8 30. Rfd1 Rxd3 31. Rxd3 Nc6 32. a3 Ne5 33. Rd2 Ng4 34. h3 Ne3 35. Qf3 e5 36. b4 e4 37. Qf4 Qxf4 38. gxf4 Nxc4 39. bxc5 e3 40. Rc2 Nd2 41. Bc1 Ne4 42. cxb6 Ng3+ 43. Kg2 e2 44. Kf2 Ne4+ 45. Kxe2 1-0